000 00686nam a22002297a 4500
003 OSt
005 20251122164226.0
008 251122b |||||||| |||| 00| 0 eng d
040 _cDCL
041 _aEnglish
082 _a294.34 Gu
100 1 _aGunaratana, Henepola,
_d1927-
245 1 0 _aThe four foundations of mindfulness in plain English /
_cBhante Gunaratana.
260 _aBoston :
_bWisdom Publications,
_c[2012].
300 _aviii, 179 pages ;
_c23 cm.
650 _aMeditation
_xBuddhism
650 _aMindfulness
_xMind
650 _aMindfulness
_xBody
650 _aMindfulness
_xFeelings
650 _aMindfulness
_xPhenomena
942 _2ddc
_cSHORT TERM
_n0
999 _c2592
_d2592